000 nam a22 7a 4500
999 _c8040
_d8040
008 171123b xxu||||| |||| 00| 0 eng d
100 _94489
_aAGGARWAL.M.L ET AL
245 _a20 SAMPAL PAPER MATHEMATICS-X
260 _aNEW DELHI
_bARYA PUBLISHING COMPANY
_c2017